|
|
|
|
| LEADER |
01628nam a2200325 a 4500 |
| 003 |
BD-DhAAL |
| 005 |
20260405124606.0 |
| 008 |
100520r2000 enk 000 1 eng d |
| 020 |
|
|
|a 9780241453513
|
| 020 |
|
|
|a 014027877x
|
| 040 |
|
|
|a DLC
|c DLC
|d DLC
|d BD-DhAAL
|
| 082 |
0 |
0 |
|a 823.912
|2 20
|
| 100 |
1 |
|
|a Orwell, George,
|d 1903-1950.
|
| 245 |
1 |
0 |
|a Nineteen eighty-four /
|c George Orwell.
|
| 246 |
|
|
|a 1984
|
| 260 |
|
|
|a London :
|b Penguin Books,
|c 1989, 2021 [Reprinted 2000].
|
| 300 |
|
|
|a 355 pages ;
|c 20 cm
|
| 500 |
|
|
|a Originally published in 1949.
|
| 541 |
1 |
|
|a Donated by Farhana Zahir, Assistant Professor, BRAC Business School, BRAC University
|e 00020271, 45411
|
| 650 |
|
0 |
|a Totalitarianism
|v Fiction.
|9 6110
|
| 651 |
|
0 |
|a London (England)
|v Fiction.
|
| 655 |
|
7 |
|a Political fiction.
|
| 655 |
|
7 |
|a Science fiction.
|
| 655 |
|
7 |
|a Dystopias.
|
| 852 |
4 |
|
|a Ayesha Abed Library
|j General Shelf
|
| 942 |
|
|
|2 ddc
|c BK
|
| 999 |
|
|
|c 8672
|d 8672
|
| 952 |
|
|
|0 0
|1 0
|2 ddc
|4 0
|6 823_912000000000000_ORW_1989
|7 0
|9 10431
|a BRACUL
|b BRACUL
|c GEN
|d 2010-05-24
|l 22
|m 201
|o 823.912 ORW
|p 3010020271
|q 2026-06-02
|r 2026-05-18
|s 2026-05-18
|t 2
|w 2010-05-24
|y BK
|
| 952 |
|
|
|0 0
|1 0
|2 ddc
|4 0
|6 823_912000000000000_ORW_1989
|7 0
|9 10432
|a BRACUL
|b BRACUL
|c GEN
|d 2010-05-24
|l 26
|m 169
|o 823.912 ORW
|p 3010020269
|q 2026-06-02
|r 2026-02-23
|s 2026-02-23
|t 1
|w 2010-05-24
|y BK
|
| 952 |
|
|
|0 0
|1 0
|2 ddc
|4 0
|6 823_912000000000000_ORW
|7 0
|9 78897
|a BRACUL
|b BRACUL
|c NEW
|d 2026-04-05
|l 3
|m 5
|o 823.912 ORW
|p 3010045411
|q 2026-06-02
|r 2026-05-11
|s 2026-05-11
|t 3
|w 2026-04-05
|y BK
|x Donated copy received from Farhana Zahir, Assistant Professor, BRAC Business School, BRAC University on 17 February 2026; $35.99
|